Canadian-American Slavic studies.

Bibliographic Details
Previous Title:Canadian Slavic studies
Corporate Author: University of Pittsburgh. University Center for International Studies
Format: Journal
Language:English
Language Notes:In English.
Published: Pittsburgh, Pa. : University Center for International Studies, University of Pittsburgh.
Subjects:
Online Availability: Check for online availability

MARC

Tag First Indicator Second Indicator Subfields
LEADER 00000cas a2200000 4500
001 in00000309986
005 20151010094128.0
008 740328c19729999pauqr p 0uuua0eng d
022 |a 0090-8290 
035 |a (OCoLC)00844052 
035 |9 ABG8899AM 
040 |a OUN  |c OUN  |d UCU  |d COO  |d OCL  |d COO  |d NSD  |d TXA  |d UtOrBLW 
043 |a e-ur---  |a ee----- 
049 |a TXAE 
090 |a D377.A1  |b C34 
245 0 0 |a Canadian-American Slavic studies. 
246 1 |a Revue canadienne-am'ericaine d'etudes slaves 
264 1 |a Pittsburgh, Pa. :  |b University Center for International Studies, University of Pittsburgh. 
300 |a  volumes :  |b maps.  |a quarterly. 
336 |a text  |b txt  |2 rdacontent 
337 |a unmediated  |b n  |2 rdamedia 
338 |a volume  |b nc  |2 rdacarrier 
362 0 |a v. 6- 1972- 
500 |a Title from cover. 
500 |a "A quarterly journal devoted to Russia and East Europe." 
500 |a Description based on: volume 30, nos. 2-4 (1996). 
515 |a Some issues are combined. 
546 |a In English. 
650 0 |a Slavs  |v Periodicals. 
651 0 |a Soviet Union  |v Periodicals. 
651 0 |a Europe, Eastern  |x Periodicals. 
710 2 |a University of Pittsburgh.  |b University Center for International Studies. 
780 0 0 |t Canadian Slavic studies  |x 0008-4999  |w (DLC) 72012985  |w (OCoLC)840441 
999 |a MARS 
999 f f |s e34efed0-e5ae-3530-8ade-18e4828af5e0  |i 4d526e92-9b97-32aa-b68c-ae10a3f42938  |t 0 
952 f f |p ric  |a Texas A&M University  |b Rellis Campus  |c Joint Library Facility  |d Remote Storage  |t 0  |e D377.A1 C34  |h Library of Congress classification  |i unmediated -- volume  |k v.44  |l 2010  |m A14839671699 
952 f f |p ric  |a Texas A&M University  |b Rellis Campus  |c Joint Library Facility  |d Remote Storage  |t 0  |e D377.A1 C34  |h Library of Congress classification  |i unmediated -- volume  |k v.34  |l 2000  |m A14828767788 
952 f f |p ric  |a Texas A&M University  |b Rellis Campus  |c Joint Library Facility  |d Remote Storage  |t 0  |e D377.A1 C34  |h Library of Congress classification  |i unmediated -- volume  |k v.45  |l 2011  |m A14843055667 
952 f f |p ric  |a Texas A&M University  |b Rellis Campus  |c Joint Library Facility  |d Remote Storage  |t 0  |e D377.A1 C34  |h Library of Congress classification  |i unmediated -- volume  |k v.32  |l 1998  |m A14826438799 
952 f f |p ric  |a Texas A&M University  |b Rellis Campus  |c Joint Library Facility  |d Remote Storage  |t 0  |e D377.A1 C34  |h Library of Congress classification  |i unmediated -- volume  |k v.39  |l 2005  |m A14852618181 
952 f f |p ric  |a Texas A&M University  |b Rellis Campus  |c Joint Library Facility  |d Remote Storage  |t 0  |e D377.A1 C34  |h Library of Congress classification  |i unmediated -- volume  |k v.10  |l 1976  |m A14824040249 
952 f f |p ric  |a Texas A&M University  |b Rellis Campus  |c Joint Library Facility  |d Remote Storage  |t 0  |e D377.A1 C34  |h Library of Congress classification  |i unmediated -- volume  |k v.43  |l 2009  |m A14839117441 
952 f f |p ric  |a Texas A&M University  |b Rellis Campus  |c Joint Library Facility  |d Remote Storage  |t 0  |e D377.A1 C34  |h Library of Congress classification  |i unmediated -- volume  |k v.8  |l 1974  |m A14824027932 
952 f f |p ric  |a Texas A&M University  |b Rellis Campus  |c Joint Library Facility  |d Remote Storage  |t 0  |e D377.A1 C34  |h Library of Congress classification  |i unmediated -- volume  |k v.53  |l 2019  |m A14851467820 
952 f f |p ric  |a Texas A&M University  |b Rellis Campus  |c Joint Library Facility  |d Remote Storage  |t 0  |e D377.A1 C34  |h Library of Congress classification  |i unmediated -- volume  |k v.49  |l 2015  |m A14843550022 
952 f f |p ric  |a Texas A&M University  |b Rellis Campus  |c Joint Library Facility  |d Remote Storage  |t 0  |e D377.A1 C34  |h Library of Congress classification  |i unmediated -- volume  |k v.9  |l 1975  |m A14824040192 
952 f f |p ric  |a Texas A&M University  |b Rellis Campus  |c Joint Library Facility  |d Remote Storage  |t 0  |e D377.A1 C34  |h Library of Congress classification  |i unmediated -- volume  |k v.17:no.1-2,4  |l 1983:Spring-Summer,Winter  |m A14850919813 
952 f f |p ric  |a Texas A&M University  |b Rellis Campus  |c Joint Library Facility  |d Remote Storage  |t 0  |e D377.A1 C34  |h Library of Congress classification  |i unmediated -- volume  |k v.51  |l 2017  |m A14850365272 
952 f f |p ric  |a Texas A&M University  |b Rellis Campus  |c Joint Library Facility  |d Remote Storage  |t 0  |e D377.A1 C34  |h Library of Congress classification  |i unmediated -- volume  |k v.47  |l 2013  |m A14843055642 
952 f f |p ric  |a Texas A&M University  |b Rellis Campus  |c Joint Library Facility  |d Remote Storage  |t 0  |e D377.A1 C34  |h Library of Congress classification  |i unmediated -- volume  |k v.54  |l 2020  |m A14851491762 
952 f f |p ric  |a Texas A&M University  |b Rellis Campus  |c Joint Library Facility  |d Remote Storage  |t 0  |e D377.A1 C34  |h Library of Congress classification  |i unmediated -- volume  |k v.46  |l 2012  |m A14843055659 
952 f f |p ric  |a Texas A&M University  |b Rellis Campus  |c Joint Library Facility  |d Remote Storage  |t 0  |e D377.A1 C34  |h Library of Congress classification  |i unmediated -- volume  |k v.21/22  |l 1987/1988  |m A14812095181 
952 f f |p ric  |a Texas A&M University  |b Rellis Campus  |c Joint Library Facility  |d Remote Storage  |t 0  |e D377.A1 C34  |h Library of Congress classification  |i unmediated -- volume  |k v.7:no.2  |l 1973:Summer  |m A14824027631 
952 f f |p ric  |a Texas A&M University  |b Rellis Campus  |c Joint Library Facility  |d Remote Storage  |t 0  |e D377.A1 C34  |h Library of Congress classification  |i unmediated -- volume  |k v.9  |l 1975  |m A14837518976 
952 f f |p ric  |a Texas A&M University  |b Rellis Campus  |c Joint Library Facility  |d Remote Storage  |t 0  |e D377.A1 C34  |h Library of Congress classification  |i unmediated -- volume  |k v.42  |l 2008  |m A14838920760 
952 f f |p ric  |a Texas A&M University  |b Rellis Campus  |c Joint Library Facility  |d Remote Storage  |t 0  |e D377.A1 C34  |h Library of Congress classification  |i unmediated -- volume  |k v.20  |l 1986  |m A14811611031 
952 f f |p ric  |a Texas A&M University  |b Rellis Campus  |c Joint Library Facility  |d Remote Storage  |t 0  |e D377.A1 C34  |h Library of Congress classification  |i unmediated -- volume  |k v.30  |l 1996  |m A14822407102 
952 f f |p ric  |a Texas A&M University  |b Rellis Campus  |c Joint Library Facility  |d Remote Storage  |t 0  |e D377.A1 C34  |h Library of Congress classification  |i unmediated -- volume  |k v.38  |l 2004  |m A14832169421 
952 f f |p ric  |a Texas A&M University  |b Rellis Campus  |c Joint Library Facility  |d Remote Storage  |t 0  |e D377.A1 C34  |h Library of Congress classification  |i unmediated -- volume  |k v.31  |l 1997  |m A14824882811 
952 f f |p ric  |a Texas A&M University  |b Rellis Campus  |c Joint Library Facility  |d Remote Storage  |t 0  |e D377.A1 C34  |h Library of Congress classification  |i unmediated -- volume  |k v.24  |l 1990  |m A14819289854 
952 f f |p ric  |a Texas A&M University  |b Rellis Campus  |c Joint Library Facility  |d Remote Storage  |t 0  |e D377.A1 C34  |h Library of Congress classification  |i unmediated -- volume  |k v.36  |l 2002  |m A14830209160 
952 f f |p ric  |a Texas A&M University  |b Rellis Campus  |c Joint Library Facility  |d Remote Storage  |t 0  |e D377.A1 C34  |h Library of Congress classification  |i unmediated -- volume  |k v.23  |l 1989  |m A14814667057 
952 f f |p ric  |a Texas A&M University  |b Rellis Campus  |c Joint Library Facility  |d Remote Storage  |t 0  |e D377.A1 C34  |h Library of Congress classification  |i unmediated -- volume  |k v.40  |l 2006  |m A14835867264 
952 f f |p ric  |a Texas A&M University  |b Rellis Campus  |c Joint Library Facility  |d Remote Storage  |t 0  |e D377.A1 C34  |h Library of Congress classification  |i unmediated -- volume  |k v.50  |l 2016  |m A14850365280 
952 f f |p ric  |a Texas A&M University  |b Rellis Campus  |c Joint Library Facility  |d Remote Storage  |t 0  |e D377.A1 C34  |h Library of Congress classification  |i unmediated -- volume  |k v.33  |l 1999  |m A14826438838 
952 f f |p ric  |a Texas A&M University  |b Rellis Campus  |c Joint Library Facility  |d Remote Storage  |t 0  |e D377.A1 C34  |h Library of Congress classification  |i unmediated -- volume  |k v.52  |l 2018  |m A14850408924 
952 f f |p ric  |a Texas A&M University  |b Rellis Campus  |c Joint Library Facility  |d Remote Storage  |t 0  |e D377.A1 C34  |h Library of Congress classification  |i unmediated -- volume  |k v.41  |l 2007  |m A14837131449 
952 f f |p ric  |a Texas A&M University  |b Rellis Campus  |c Joint Library Facility  |d Remote Storage  |t 0  |e D377.A1 C34  |h Library of Congress classification  |i unmediated -- volume  |k v.48  |l 2014  |m A14843055634 
952 f f |p ric  |a Texas A&M University  |b Rellis Campus  |c Joint Library Facility  |d Remote Storage  |t 0  |e D377.A1 C34  |h Library of Congress classification  |i unmediated -- volume  |k v.37  |l 2003  |m A14833675255 
952 f f |p ric  |a Texas A&M University  |b Rellis Campus  |c Joint Library Facility  |d Remote Storage  |t 0  |e D377.A1 C34  |h Library of Congress classification  |i unmediated -- volume  |k v.35  |l 2001  |m A14830209128 
998 f f |a D377.A1 C34  |s v.30-54 (1996-2020)  |t 0  |l Remote Storage